| 000 | 00518nam a22001577a 4500 | ||
|---|---|---|---|
| 003 | NUST | ||
| 038 | _aNusrat Nadeem | ||
| 082 | _a200 | ||
| 100 | _aHaseeb Ahmed | ||
| 245 |
_aPreparation of Solid-State Electrolyte for High Performance Next-Generation Lithium Batteries/ _cAhmed Haseeb |
||
| 264 |
_aIslamabad; _bUSPCASE NUST _c2025. |
||
| 650 |
_aPhD-Energy Systems Engineering _9123158 |
||
| 700 | _aSupervisor: Dr. Ghulam Ali | ||
| 856 | _uhttp://10.250.8.41:8080/xmlui/handle/123456789/57073 | ||
| 942 |
_2ddc _cSC |
||
| 999 |
_c616359 _d616359 |
||